000 00754nam a22002057a 4500
003 JO-AjAnu
005 20241019102534.0
008 241019b jo ||||| |||| 00| 0 ara d
020 _a9789953886343
040 _aJO-AjAnu
_bara
_cJO-AjAnu
_dJO-AjAnu
_erda
041 _aara
_hara
050 _aQC903
_b2012
100 0 _aحداد، معين
_eمؤلف
_966287
245 0 _aالتغير المناخي : الاحترار العالمي ودوره في النزاع الدولي /
_cتأليف معين حداد
250 _aالطبعة الاولى
260 _aبيروت :
_bشركة المطبوعات للتوزيع والنشر،
_c2012
300 _a146 صفحة
650 7 0 _aالتغيرات المناخية
_966289
942 _2lcc
_cBK
_n0
999 _c33743
_d33743